Statistics for Capital by Country Flag

Click here to take the quiz!

General Stats

  • This quiz has been taken 21 times
  • The average score is 10 of 12

Answer Stats

Answer% Correct
Port Moresby
100%
Thimphu
100%
Tirana
100%
Ashgabat
92%
Sofia
92%
Asunción
83%
Belmopan
83%
Managua
83%
Windhoek
83%
Bamako
75%
Georgetown
75%
Yaren
75%

Score Distribution

Percentile by Number Answered

Percent of People with Each Score

Your Score History

You have not taken this quiz